00958nam a2200229 a 450000100060000000300060000600500170001200800390002903500320006804000320010004100080013208200220014010000410016224500330020326000460023630000450028250401950032760000360052294200120055899900170057095201410058723544UkOxU20211209000937.0140311r19681952n abc b 001 0beng a(BD-RjUL)23609aocm01556249 aDLCcDZMdSERdBD-RjULbeng aeng a928.286bJOH 19681 aJones, M. G.q(Mary Gwladys).97246310aHannah More /cby M.G. Jones aNew York :bGreenwood,c[Reprinted 1968]. axi, 284 p. :bill., ports., map ;c23 cm aBibliographical references included in "Notes" (p. 237-271) "Cheap repository tracts ascribed to Hannah More": p. 272-273. "Hannah More's major writings as published in her lifetime": p. 27410aMore, Hannah,d1745-1833972481 2ddccBK c23544d23544 00102ddc40728NFICaRUCLbRUCLcReadingd1971-09-10eZetlingerg115.00l0o928.286 JOH 1968r2014-03-11 00:00:00tC-1w2014-03-11yBK